[Event "Chigorin Memorial 2008"]
[Site "St. Petersburg RUS"]
[Date "2008.10.11"]
[Round "9.47"]
[White "Skrjabin, Igor"]
[Black "Merzliakov, Evgeny"]
[Result "0-1"]
[WhiteElo "2110"]
[BlackElo "2210"]
[PlyCount "60"]
[EventDate "2008.10.03"]
[EventType "swiss"]
[EventRounds "9"]
[EventCountry "RUS"]
[Source "lmi"]
[SourceDate "2008.10.03"]

1. e4 e6 2. d3 d5 3. Nd2 c5 4. Ngf3 Nc6 5. g3 Bd6 6. Bg2 Nge7 7. O-O O-O 8. Re1
f5 9. exd5 exd5 10. c4 d4 11. a3 h6 12. b4 cxb4 13. axb4 Bxb4 14. Ne5 Bc3 15.
Ba3 Bxa1 16. Nxc6 Nxc6 17. Bd5+ Kh7 18. Bxf8 Bc3 19. Bc5 Bd7 20. Re2 Qf6 21.
Nf3 a5 22. Qb3 Nb4 23. Be7 Qa6 24. Bf7 a4 25. Qd1 a3 26. Nh4 a2 27. Rxa2 Qxa2
28. Ng6 Qa1 29. Qxa1 Rxa1+ 30. Kg2 Ra8 0-1

[Event "Chigorin Memorial 2008"]
[Site "St. Petersburg RUS"]
[Date "2008.10.11"]
[Round "9.48"]
[White "Timofeev, Andrei"]
[Black "Senkevich, Konstantin"]
[Result "1-0"]
[WhiteElo "2205"]
[BlackElo "2118"]
[PlyCount "59"]
[EventDate "2008.10.03"]
[EventType "swiss"]
[EventRounds "9"]
[EventCountry "RUS"]
[Source "lmi"]
[SourceDate "2008.10.03"]

1. c4 e5 2. Nc3 Nc6 3. Nf3 g6 4. g3 Bg7 5. Bg2 Nge7 6. O-O O-O 7. Rb1 a5 8. a3
d5 9. cxd5 Nxd5 10. d3 Nxc3 11. bxc3 e4 12. dxe4 Qxd1 13. Rxd1 Bxc3 14. Bf4 Re8
15. Bxc7 Rxe4 16. e3 Re8 17. Rdc1 Bg7 18. Nd2 Bf8 19. Nc4 Ra6 20. Nd6 Re7 21.
Bb6 Be6 22. Bc5 Rd7 23. Ne4 Bg7 24. Bb6 Bf5 25. Rb5 Bf8 26. Nf6+ Kg7 27. Nxd7
Bxd7 28. Bc5 Bxc5 29. Rcxc5 Kf6 30. Rxb7 1-0

[Event "Chigorin Memorial 2008"]
[Site "St. Petersburg RUS"]
[Date "2008.10.11"]
[Round "9.49"]
[White "Sorokina, Anastasia"]
[Black "Shlakich, Anna"]
[Result "1-0"]
[WhiteElo "2068"]
[BlackElo "2203"]
[PlyCount "117"]
[EventDate "2008.10.03"]
[EventType "swiss"]
[EventRounds "9"]
[EventCountry "RUS"]
[Source "lmi"]
[SourceDate "2008.10.03"]

1. d4 Nf6 2. Nf3 e6 3. c4 c5 4. d5 exd5 5. cxd5 d6 6. e4 g6 7. Nbd2 Bg7 8. Be2
O-O 9. O-O Re8 10. Re1 Bd7 11. Qb3 Na6 12. Bd1 b5 13. a3 c4 14. Qa2 Nc5 15. Bc2
Nh5 16. Nf1 Qf6 17. Ng3 Nf4 18. Be3 Ncd3 19. Bd4 Qe7 20. Re3 Bxd4 21. Nxd4 Qf6
22. Nf3 Qxb2 23. Qxb2 Nxb2 24. Nf1 a5 25. Rb1 Nbd3 26. N1d2 Rec8 27. Kf1 Nc5
28. g3 Nfd3 29. Nd4 Rab8 30. f4 g5 31. a4 Bh3+ 32. Kg1 c3 33. Bxd3 cxd2 34. Nc6
Bg4 35. Be2 Bxe2 36. Rxe2 Nxa4 37. Rxd2 Nc3 38. Re1 b4 39. Rd3 a4 40. Ne7+ Kf8
41. Nxc8 Rxc8 42. e5 a3 43. exd6 a2 44. Rde3 Rd8 45. Ra1 b3 46. Rxc3 b2 47.
Rcc1 bxc1=Q+ 48. Rxc1 Rb8 49. Kf2 Rb1 50. Rc8+ Kg7 51. d7 a1=Q 52. Rg8+ Kh6 53.
d8=Q Qd4+ 54. Kf3 Rf1+ 55. Kg4 Qd1+ 56. Kf5 Qd3+ 57. Kf6 Qd4+ 58. Kxf7 Rxf4+
59. gxf4 1-0

[Event "Chigorin Memorial 2008"]
[Site "St. Petersburg RUS"]
[Date "2008.10.11"]
[Round "9.50"]
[White "Kopasov, Evgeny"]
[Black "Utkin, Alexander"]
[Result "1/2-1/2"]
[WhiteElo "2046"]
[BlackElo "2196"]
[PlyCount "94"]
[EventDate "2008.10.03"]
[EventType "swiss"]
[EventRounds "9"]
[EventCountry "RUS"]
[Source "lmi"]
[SourceDate "2008.10.03"]

1. d4 b6 2. c4 Bb7 3. Nc3 e6 4. a3 Nf6 5. Nf3 d5 6. Bg5 Be7 7. Bxf6 Bxf6 8.
cxd5 exd5 9. Qb3 O-O 10. Rd1 c6 11. g3 Bc8 12. Bg2 Bf5 13. O-O Nd7 14. Rfe1 Re8
15. e4 dxe4 16. Nd2 Bg4 17. Ne2 Qe7 18. Nxe4 Rad8 19. h3 Be6 20. Qc2 Nb8 21.
Nxf6+ Qxf6 22. Nf4 Bf5 23. Rxe8+ Rxe8 24. Qa4 g5 25. Nd3 Bxd3 26. Rxd3 Re1+ 27.
Bf1 Qf5 28. Rd1 Re7 29. Rd2 Qf3 30. Qd1 Qxd1 31. Rxd1 Rd7 32. Be2 Rd6 33. Bf3
Kg7 34. Kf1 Kg6 35. Ke2 f5 36. Ke3 h5 37. h4 Re6+ 38. Kd2 g4 39. Bg2 Rd6 40.
Ke3 Kf6 41. Rd2 Re6+ 42. Kd3 Re1 43. Rc2 Re6 44. b4 Rd6 45. Ke3 Re6+ 46. Kd3
Rd6 47. Ke3 Re6+ 1/2-1/2

[Event "Chigorin Memorial 2008"]
[Site "St. Petersburg RUS"]
[Date "2008.10.11"]
[Round "9.51"]
[White "Atlas, Eduard"]
[Black "Molchanova, Tatjana"]
[Result "0-1"]
[WhiteElo "2067"]
[BlackElo "2337"]
[PlyCount "100"]
[EventDate "2008.10.03"]
[EventType "swiss"]
[EventRounds "9"]
[EventCountry "RUS"]
[Source "lmi"]
[SourceDate "2008.10.03"]

1. e4 c5 2. c3 d5 3. exd5 Qxd5 4. d4 e6 5. Nf3 Nf6 6. Na3 Be7 7. Bc4 Qd8 8. Bf4
O-O 9. O-O a6 10. dxc5 Bxc5 11. Nc2 b5 12. Bd3 Bb7 13. Qe2 Qd5 14. Rfd1 Qh5 15.
Ne5 Qxe2 16. Bxe2 Nd5 17. Bf3 Ra7 18. Bxd5 Bxd5 19. Be3 Bxe3 20. Nxe3 Ba8 21.
f3 f6 22. N5g4 Kf7 23. Rd2 Ke7 24. Rad1 Rd7 25. Nf2 Rc8 26. Kf1 Rxd2 27. Rxd2
Nd7 28. Ke2 g5 29. g3 Ne5 30. Ne4 Nxf3 31. Kxf3 f5 32. Kf2 Bxe4 33. Nd1 Rd8 34.
Rxd8 Kxd8 35. Ke3 e5 36. a3 Bb1 37. b4 Ke7 38. Nb2 Ke6 39. c4 f4+ 40. gxf4
gxf4+ 41. Kf3 Kf5 42. a4 e4+ 43. Kf2 e3+ 44. Kf3 Be4+ 45. Ke2 Ke5 46. cxb5 axb5
47. axb5 Kd4 48. b6 f3+ 49. Ke1 f2+ 50. Kf1 Bf5 0-1

[Event "Chigorin Memorial 2008"]
[Site "St. Petersburg RUS"]
[Date "2008.10.11"]
[Round "9.53"]
[White "Zakharov, Yuri"]
[Black "Denisov, Ivan"]
[Result "0-1"]
[WhiteElo "2056"]
[BlackElo "2189"]
[PlyCount "88"]
[EventDate "2008.10.03"]
[EventType "swiss"]
[EventRounds "9"]
[EventCountry "RUS"]
[Source "lmi"]
[SourceDate "2008.10.03"]

1. Nf3 Nf6 2. g3 b6 3. Bg2 Bb7 4. d3 e6 5. Nbd2 d5 6. O-O Be7 7. e4 O-O 8. e5
Nfd7 9. d4 c5 10. c3 Nc6 11. Nb3 cxd4 12. cxd4 b5 13. h4 a5 14. Bg5 Qb6 15.
Bxe7 Nxe7 16. Rc1 Rfc8 17. Rxc8+ Rxc8 18. Qd2 b4 19. Rc1 a4 20. Rxc8+ Bxc8 21.
Nc1 Ba6 22. b3 a3 23. Bf1 Bxf1 24. Kxf1 Nb8 25. g4 Na6 26. Qd3 Nc7 27. h5 h6
28. Ke2 Qc6 29. Qd2 Nb5 30. Nd3 Nc3+ 31. Ke3 Qb6 32. Nc5 Nc6 33. g5 hxg5 34.
Nxg5 Nxe5 35. f3 Qd8 36. Qg2 Nc6 37. h6 Qf6 38. h7+ Kh8 39. Qg4 Nxd4 40. Nxf7+
Qxf7 41. Qxd4 Nxa2 42. Nd3 Qc7 43. Nc5 Nc1 44. Kd2 Qxc5 0-1

[Event "Chigorin Memorial 2008"]
[Site "St. Petersburg RUS"]
[Date "2008.10.11"]
[Round "9.54"]
[White "Orlov, Anatoly"]
[Black "Lupik, Marina"]
[Result "0-1"]
[WhiteElo "2037"]
[BlackElo "2166"]
[PlyCount "86"]
[EventDate "2008.10.03"]
[EventType "swiss"]
[EventRounds "9"]
[EventCountry "RUS"]
[Source "lmi"]
[SourceDate "2008.10.03"]

1. e4 c5 2. g3 g6 3. Bg2 Bg7 4. f4 b5 5. e5 Nc6 6. Nf3 Bb7 7. d3 d6 8. exd6
exd6 9. O-O Nge7 10. c3 O-O 11. Be3 Re8 12. Bf2 Nd5 13. Re1 Nce7 14. Nh4 Qd7
15. d4 c4 16. Nd2 Rac8 17. Qc2 b4 18. Rac1 a5 19. Nf1 Bf6 20. Nf3 a4 21. a3
bxa3 22. bxa3 Rb8 23. Rb1 Bg7 24. N3d2 Rec8 25. Rb2 Ba6 26. Ne3 Nxe3 27. Bxe3
d5 28. Reb1 Rxb2 29. Qxb2 Bf8 30. Bf2 Nc6 31. Qb6 Ra8 32. Ra1 Bc8 33. Qb5 Ra5
34. Qb6 Qb7 35. Rb1 Qxb6 36. Rxb6 Ne7 37. Nb1 Bd7 38. Be3 Nc8 39. Rb7 Bf5 40.
Bf1 Nd6 41. Rb8 Rb5 42. Rxf8+ Kxf8 43. Nd2 Ne4 0-1

[Event "Chigorin Memorial 2008"]
[Site "St. Petersburg RUS"]
[Date "2008.10.11"]
[Round "9.55"]
[White "Butuc, Maria"]
[Black "Emdin, Mark"]
[Result "1-0"]
[WhiteElo "2159"]
[BlackElo "1862"]
[PlyCount "63"]
[EventDate "2008.10.03"]
[EventType "swiss"]
[EventRounds "9"]
[EventCountry "RUS"]
[Source "lmi"]
[SourceDate "2008.10.03"]

1. e4 e6 2. d4 d5 3. Nc3 Nf6 4. e5 Nfd7 5. f4 c5 6. Nce2 Qb6 7. Nf3 Nc6 8. c3
Be7 9. h4 f6 10. a3 f5 11. Ng3 Nf8 12. Nh5 Rg8 13. Rh3 Bd7 14. b4 c4 15. Be3
O-O-O 16. Nd2 g6 17. Ng3 h5 18. Bf2 Qc7 19. a4 b6 20. Be2 Nh7 21. Nb1 Rdf8 22.
Na3 Nd8 23. Nf1 a6 24. Ne3 Nb7 25. Bf3 Rg7 26. Bxd5 exd5 27. Nxd5 Qd8 28. Nxc4
Be6 29. Ndxb6+ Kb8 30. d5 Bd7 31. Qd4 Be8 32. Nd7+ 1-0

[Event "Chigorin Memorial 2008"]
[Site "St. Petersburg RUS"]
[Date "2008.10.11"]
[Round "9.56"]
[White "Sokolova, Vera"]
[Black "Stroganov, Anatoly"]
[Result "0-1"]
[WhiteElo "2105"]
[BlackElo "1953"]
[PlyCount "152"]
[EventDate "2008.10.03"]
[EventType "swiss"]
[EventRounds "9"]
[EventCountry "RUS"]
[Source "lmi"]
[SourceDate "2008.10.03"]

1. e4 d6 2. d4 Nf6 3. Nc3 g6 4. f4 Bg7 5. Nf3 c5 6. dxc5 Qa5 7. Bd3 Qxc5 8. Qe2
O-O 9. Be3 Qa5 10. O-O Bg4 11. Qf2 Bxf3 12. Qxf3 Nc6 13. a3 a6 14. h3 e6 15.
Qf2 Nd7 16. Rab1 b5 17. f5 Nce5 18. g4 Qc7 19. g5 Nxd3 20. cxd3 Bxc3 21. bxc3
exf5 22. exf5 f6 23. Qg2 Rae8 24. Bd4 Ne5 25. Qd5+ Kg7 26. c4 fxg5 27. cxb5
axb5 28. Rfc1 Qd7 29. Rxb5 Qxf5 30. Qxd6 Kh6 31. Rxe5 Qf4 32. Rce1 Rd8 33. Qc5
Rxd4 34. R5e3 Qf2+ 35. Kh1 Rh4 36. Rg1 Rf5 37. Qe7 Qf4 38. Reg3 Rh5 39. Qd8 Qe5
40. d4 Qe4+ 41. R1g2 Rf2 42. d5 Rf1+ 43. Kh2 Qf4 44. Qc8 Rf2 45. Rxf2 Qxf2+ 46.
Rg2 Qf4+ 47. Kh1 Rh4 48. Qc3 g4 49. Qd2 Rxh3+ 50. Kg1 Qxd2 51. Rxd2 Rxa3 52. d6
Ra8 53. Rh2+ Kg7 54. Rc2 Kf6 55. Rc7 h5 56. Rh7 Rd8 57. d7 Ke6 58. Rg7 Rxd7 59.
Rxg6+ Kf5 60. Rg8 Kf4 61. Kf2 Rd2+ 62. Ke1 Rh2 63. Kf1 Kg3 64. Rb8 Rh1+ 65. Ke2
h4 66. Rb3+ Kg2 67. Rb2 Ra1 68. Ke3+ Kg3 69. Ke4 Rf1 70. Rb3+ Rf3 71. Rb1 Kg2
72. Rb6 h3 73. Rg6 g3 74. Rh6 Rf7 75. Ke3 Ra7 76. Kf4 h2 0-1

[Event "Chigorin Memorial 2008"]
[Site "St. Petersburg RUS"]
[Date "2008.10.11"]
[Round "9.58"]
[White "Karataev, Oleg"]
[Black "Kuzevanova, Evgenia"]
[Result "1-0"]
[WhiteElo "1965"]
[BlackElo "2179"]
[PlyCount "97"]
[EventDate "2008.10.03"]
[EventType "swiss"]
[EventRounds "9"]
[EventCountry "RUS"]
[Source "lmi"]
[SourceDate "2008.10.03"]

1. d4 Nf6 2. Nf3 g6 3. Bf4 Bg7 4. e3 O-O 5. Be2 d5 6. O-O c5 7. c3 b6 8. h3 Bb7
9. Nbd2 Nbd7 10. Ne5 Nxe5 11. dxe5 Ne8 12. Bf3 Nc7 13. Qc2 Ne6 14. Rfd1 Qc7 15.
c4 Bxe5 16. Bxe5 Qxe5 17. cxd5 Ng5 18. h4 Nxf3+ 19. Nxf3 Qh5 20. e4 Bc8 21. Qd2
Bg4 22. Qf4 e5 23. Qf6 Bxf3 24. gxf3 Rad8 25. d6 Qh6 26. Qxe5 Qxh4 27. Rd5 Rd7
28. Rad1 a6 29. Qg3 Qf6 30. e5 Qe6 31. f4 c4 32. a4 Rb8 33. Qf3 b5 34. axb5
axb5 35. Rc5 b4 36. Rc7 Rbd8 37. Ra1 Kg7 38. Raa7 Rxc7 39. Rxc7 Rd7 40. Kh2
Rxc7 41. dxc7 Qf5 42. e6 c3 43. bxc3 Qxe6 44. cxb4 Qc8 45. Qc6 h5 46. b5 h4 47.
b6 Qg4 48. c8=Q Qxf4+ 49. Kg2 1-0

[Event "Chigorin Memorial 2008"]
[Site "St. Petersburg RUS"]
[Date "2008.10.11"]
[Round "9.59"]
[White "Grechishkin, Vitaly"]
[Black "Guzenko, Artem"]
[Result "0-1"]
[WhiteElo "1861"]
[BlackElo "2121"]
[PlyCount "88"]
[EventDate "2008.10.03"]
[EventType "swiss"]
[EventRounds "9"]
[EventCountry "RUS"]
[Source "lmi"]
[SourceDate "2008.10.03"]

1. Nf3 c5 2. d3 e6 3. Bf4 d6 4. c3 Nf6 5. h3 Bd7 6. e3 Nc6 7. Be2 Be7 8. Nbd2
O-O 9. d4 b6 10. Qc2 Qc7 11. O-O-O cxd4 12. exd4 Rfc8 13. a3 Nd5 14. Bg3 b5 15.
Ne4 f5 16. Nc5 f4 17. Nxe6 Bxe6 18. Qe4 Nd8 19. Bd3 fxg3 20. Qxh7+ Kf8 21. Qh8+
Bg8 22. Bh7 Nf6 23. Bxg8 Nxg8 24. Nh4 Bg5+ 25. Kb1 Bxh4 26. Qxh4 Qe7 27. Qxg3
Nf7 28. Rhe1 Qg5 29. Qd3 Nf6 30. f4 Qd5 31. g4 Re8 32. g5 Ne4 33. Re2 Re7 34.
Rde1 Rae8 35. h4 Qc4 36. Qxc4 bxc4 37. Kc2 d5 38. h5 Ng3 39. Rxe7 Rxe7 40. Rxe7
Kxe7 41. b3 Nxh5 42. bxc4 dxc4 43. g6 Nd6 44. Kd2 Nxf4 0-1

[Event "Chigorin Memorial 2008"]
[Site "St. Petersburg RUS"]
[Date "2008.10.11"]
[Round "9.61"]
[White "Androsov, Sergey"]
[Black "Frakin, Nikolay"]
[Result "1-0"]
[WhiteElo "2078"]
[BlackElo "1953"]
[PlyCount "99"]
[EventDate "2008.10.03"]
[EventType "swiss"]
[EventRounds "9"]
[EventCountry "RUS"]
[Source "lmi"]
[SourceDate "2008.10.03"]

1. e4 e5 2. Nf3 Nc6 3. Bb5 a6 4. Ba4 d6 5. c3 Bd7 6. O-O Be7 7. d4 b5 8. Bb3
Na5 9. Bc2 exd4 10. cxd4 c5 11. d5 Bf6 12. Nc3 Nc4 13. Qd3 Nb6 14. Re1 Ne7 15.
Bf4 Nc4 16. Nd1 Qc7 17. Rb1 O-O 18. b3 Na3 19. Bxd6 Qxd6 20. e5 Bf5 21. exd6
Bxd3 22. dxe7 Bxe7 23. Bxd3 Nxb1 24. Bxb1 Bf6 25. Ne3 Rfd8 26. Be4 Rac8 27. Rc1
g6 28. Nd2 Bd4 29. g4 Re8 30. Kf1 Re5 31. Ng2 Rce8 32. Bf3 f5 33. g5 Kf7 34.
Nf4 Rc8 35. Ne6 Bb2 36. Rxc5 Rxc5 37. Nxc5 Bc3 38. Nd3 Re8 39. Nb1 Bd4 40. Na3
Re7 41. Nc2 Bb6 42. Ncb4 a5 43. Nc6 Re8 44. Nde5+ Rxe5 45. Nxe5+ Ke7 46. a4
bxa4 47. bxa4 Bc7 48. Nc4 Bd8 49. h4 Kd7 50. Ke2 1-0

[Event "Chigorin Memorial 2008"]
[Site "St. Petersburg RUS"]
[Date "2008.10.11"]
[Round "9.63"]
[White "Fedoseeva, Valentina"]
[Black "Kluchik, Julia"]
[Result "1/2-1/2"]
[WhiteElo "1756"]
[BlackElo "1951"]
[PlyCount "97"]
[EventDate "2008.10.03"]
[EventType "swiss"]
[EventRounds "9"]
[EventCountry "RUS"]
[Source "lmi"]
[SourceDate "2008.10.03"]

1. e4 g6 2. d4 c6 3. Nf3 d5 4. Nc3 Bg7 5. Bf4 Nf6 6. e5 Nh5 7. Be3 O-O 8. Be2
Bh8 9. O-O f5 10. Ne1 f4 11. Bxh5 fxe3 12. Bf3 exf2+ 13. Rxf2 Na6 14. Bg4 Rxf2
15. Kxf2 Qf8+ 16. Kg1 Qf4 17. Bxc8 Rxc8 18. Nf3 Nc7 19. Qd3 Bg7 20. Rf1 Bh6 21.
Nd1 Ne6 22. g3 Qe4 23. Qc3 Rf8 24. Kg2 Ng5 25. Qd3 Nxf3 26. Rxf3 Rxf3 27. Qxf3
Qxd4 28. e6 Qf6 29. Qe2 Qf5 30. g4 Qe4+ 31. Qxe4 dxe4 32. Nf2 e3 33. Ne4 Bf4
34. h3 Kg7 35. Kf3 g5 36. b3 Kf8 37. Nc3 Ke8 38. Ne4 Kd8 39. c3 Kc7 40. b4 Kb6
41. a4 Kc7 42. Ke2 b6 43. Kf3 a5 44. Ke2 h6 45. Kd3 Kb7 46. bxa5 Ka6 47. axb6
Kxb6 48. c4 Ka5 49. Nf6 1/2-1/2

[Event "Chigorin Memorial 2008"]
[Site "St. Petersburg RUS"]
[Date "2008.10.11"]
[Round "9.64"]
[White "Sarkisov, Vladimir"]
[Black "Fokin, Anatoly"]
[Result "1/2-1/2"]
[WhiteElo "1964"]
[BlackElo "1919"]
[PlyCount "62"]
[EventDate "2008.10.03"]
[EventType "swiss"]
[EventRounds "9"]
[EventCountry "RUS"]
[Source "lmi"]
[SourceDate "2008.10.03"]

1. e4 d5 2. exd5 Nf6 3. Nf3 Nxd5 4. d4 g6 5. Be2 Bg7 6. O-O O-O 7. Re1 Nc6 8.
c4 Nb6 9. d5 Ne5 10. Nxe5 Bxe5 11. Nd2 Re8 12. Bg4 Qd6 13. Bxc8 Nxc8 14. Ne4
Qd8 15. f4 Bg7 16. Qe2 e6 17. Rb1 Nb6 18. dxe6 Rxe6 19. c5 Bd4+ 20. Kh1 Bxc5
21. Qc2 Bf8 22. Be3 Nd5 23. Bd4 Bg7 24. Red1 c6 25. Bxg7 Kxg7 26. Nc5 Re7 27.
Qd3 Qa5 28. Qd4+ Kg8 29. b4 Qxa2 30. Rb2 Qa3 31. Rb3 Qa2 1/2-1/2